Fußball-Bundesliga: Aufstellungen des 21. Spieltages 2001/2002 - Statistiken

Allgemein
  • Dieses Quiz wurde 90 mal gespielt
  • Das Durchschnittsergebnis liegt bei 61 aus 198
Antwortstatistiken
Begegnung Verein Nationalität Spieler % Korrekt
FC St. Pauli 2:1 FC Bayern München FC Bayern München GER Oliver Kahn
93%
FC St. Pauli 2:1 FC Bayern München FC Bayern München PER Claudio Pizarro
90%
Bayer 04 Leverkusen 0:1 FC Schalke 04 Bayer 04 Leverkusen GER Michael Ballack
84%
1. FC Kaiserslautern 2:2 Hamburger SV 1. FC Kaiserslautern GER Miroslav Klose
84%
FC St. Pauli 2:1 FC Bayern München FC Bayern München FRA Willy Sagnol
84%
FC St. Pauli 2:1 FC Bayern München FC Bayern München ENG Owen Hargreaves
81%
Borussia Dortmund 2:0 FC Hansa Rostock Borussia Dortmund CZE Jan Koller
79%
FC St. Pauli 2:1 FC Bayern München FC Bayern München GHA Samuel Kuffour
79%
FC St. Pauli 2:1 FC Bayern München FC Bayern München GER Carsten Jancker
77%
Borussia Dortmund 2:0 FC Hansa Rostock Borussia Dortmund GER Jens Lehmann
76%
FC St. Pauli 2:1 FC Bayern München FC Bayern München GER Stefan Effenberg
76%
TSV 1860 München 3:1 SV Werder Bremen SV Werder Bremen BRA Aílton
74%
FC Energie Cottbus 1:0 Hertha BSC FC Energie Cottbus BIH Tomislav Piplica
74%
Bayer 04 Leverkusen 0:1 FC Schalke 04 FC Schalke 04 DEN Ebbe Sand
73%
TSV 1860 München 3:1 SV Werder Bremen SV Werder Bremen GER Frank Rost
73%
FC Energie Cottbus 1:0 Hertha BSC FC Energie Cottbus GER Timo Rost
73%
Bayer 04 Leverkusen 0:1 FC Schalke 04 Bayer 04 Leverkusen GER Hans Jörg Butt
71%
VfB Stuttgart 2:3 1. FC Nürnberg VfB Stuttgart GER Timo Hildebrand
70%
Bayer 04 Leverkusen 0:1 FC Schalke 04 Bayer 04 Leverkusen GER Bernd Schneider
69%
Borussia Dortmund 2:0 FC Hansa Rostock Borussia Dortmund BRA Dédé
69%
SC Freiburg 0:0 VfL Wolfsburg SC Freiburg GEO Levan Kobiashvili
67%
FC St. Pauli 2:1 FC Bayern München FC Bayern München CRO Robert Kovač
67%
1. FC Kaiserslautern 2:2 Hamburger SV Hamburger SV BIH Sergej Barbarez
67%
Bayer 04 Leverkusen 0:1 FC Schalke 04 Bayer 04 Leverkusen BRA Lúcio
66%
Borussia Dortmund 2:0 FC Hansa Rostock Borussia Dortmund BRA Ewerthon
64%
Borussia Dortmund 2:0 FC Hansa Rostock Borussia Dortmund GER Sebastian Kehl
64%
Bayer 04 Leverkusen 0:1 FC Schalke 04 Bayer 04 Leverkusen GER Oliver Neuville
63%
Borussia Dortmund 2:0 FC Hansa Rostock Borussia Dortmund GER Lars Ricken
61%
1. FC Kaiserslautern 2:2 Hamburger SV 1. FC Kaiserslautern GER Mario Basler
61%
TSV 1860 München 3:1 SV Werder Bremen TSV 1860 München GER Martin Max
61%
Borussia Dortmund 2:0 FC Hansa Rostock Borussia Dortmund GER Christian Wörns
60%
Bayer 04 Leverkusen 0:1 FC Schalke 04 Bayer 04 Leverkusen GER Ulf Kirsten
60%
SC Freiburg 0:0 VfL Wolfsburg SC Freiburg GEO Aleksandr Iashvili
59%
Bayer 04 Leverkusen 0:1 FC Schalke 04 Bayer 04 Leverkusen TUR Yıldıray Baştürk
59%
Bayer 04 Leverkusen 0:1 FC Schalke 04 Bayer 04 Leverkusen BRA Zé Roberto
59%
Bayer 04 Leverkusen 0:1 FC Schalke 04 Bayer 04 Leverkusen GER Carsten Ramelow
57%
Bayer 04 Leverkusen 0:1 FC Schalke 04 FC Schalke 04 GER Jörg Böhme
57%
Bayer 04 Leverkusen 0:1 FC Schalke 04 Bayer 04 Leverkusen GER Jens Nowotny
56%
TSV 1860 München 3:1 SV Werder Bremen SV Werder Bremen GER Marco Bode
56%
Borussia Dortmund 2:0 FC Hansa Rostock Borussia Dortmund GER Christoph Metzelder
54%
FC St. Pauli 2:1 FC Bayern München FC Bayern München GER Thomas Linke
53%
TSV 1860 München 3:1 SV Werder Bremen SV Werder Bremen GER Tim Borowski
53%
FC St. Pauli 2:1 FC Bayern München FC St. Pauli GER Christian Rahn
51%
TSV 1860 München 3:1 SV Werder Bremen SV Werder Bremen GER Frank Baumann
50%
FC Energie Cottbus 1:0 Hertha BSC Hertha BSC BRA Marcelinho
50%
TSV 1860 München 3:1 SV Werder Bremen SV Werder Bremen GER Fabian Ernst
49%
Borussia Dortmund 2:0 FC Hansa Rostock Borussia Dortmund GER Stefan Reuter
49%
SC Freiburg 0:0 VfL Wolfsburg SC Freiburg GER Stefan Müller
47%
Bayer 04 Leverkusen 0:1 FC Schalke 04 FC Schalke 04 GER Oliver Reck
46%
Bayer 04 Leverkusen 0:1 FC Schalke 04 FC Schalke 04 GER Andreas Möller
44%
Borussia Mönchengladbach 4:0 1. FC Köln Borussia Mönchengladbach NED Arie van Lent
44%
SC Freiburg 0:0 VfL Wolfsburg VfL Wolfsburg CRO Tomislav Marić
44%
VfB Stuttgart 2:3 1. FC Nürnberg VfB Stuttgart BRA Marcelo Bordon
43%
FC Energie Cottbus 1:0 Hertha BSC Hertha BSC GER Marko Rehmer
43%
TSV 1860 München 3:1 SV Werder Bremen TSV 1860 München AUS Paul Agostino
43%
FC Energie Cottbus 1:0 Hertha BSC Hertha BSC GER Andreas Schmidt
41%
TSV 1860 München 3:1 SV Werder Bremen TSV 1860 München GER Simon Jentzsch
41%
FC Energie Cottbus 1:0 Hertha BSC FC Energie Cottbus BRA Vragel da Silva
41%
VfB Stuttgart 2:3 1. FC Nürnberg 1. FC Nürnberg CZE David Jarolím
40%
VfB Stuttgart 2:3 1. FC Nürnberg VfB Stuttgart BLR Aliaksandr Hleb
39%
FC St. Pauli 2:1 FC Bayern München FC Bayern München SUI Ciriaco Sforza
39%
Borussia Mönchengladbach 4:0 1. FC Köln 1. FC Köln GER Dirk Lottner
39%
VfB Stuttgart 2:3 1. FC Nürnberg VfB Stuttgart ROU Ioan Viorel Ganea
39%
VfB Stuttgart 2:3 1. FC Nürnberg 1. FC Nürnberg GER Paulo Rink
39%
TSV 1860 München 3:1 SV Werder Bremen TSV 1860 München GER Daniel Bierofka
37%
VfB Stuttgart 2:3 1. FC Nürnberg VfB Stuttgart GER Andreas Hinkel
36%
VfB Stuttgart 2:3 1. FC Nürnberg VfB Stuttgart BUL Kasimir Balakov
36%
SC Freiburg 0:0 VfL Wolfsburg SC Freiburg GER Tobias Willi
36%
Bayer 04 Leverkusen 0:1 FC Schalke 04 FC Schalke 04 BEL Marc Wilmots
34%
1. FC Kaiserslautern 2:2 Hamburger SV 1. FC Kaiserslautern LUX Jeff Strasser
33%
Borussia Dortmund 2:0 FC Hansa Rostock Borussia Dortmund GER Jörg Heinrich
33%
SC Freiburg 0:0 VfL Wolfsburg VfL Wolfsburg BUL Martin Petrov
33%
Bayer 04 Leverkusen 0:1 FC Schalke 04 FC Schalke 04 BEL Émile Mpenza
31%
VfB Stuttgart 2:3 1. FC Nürnberg VfB Stuttgart POR Fernando Meira
31%
TSV 1860 München 3:1 SV Werder Bremen SV Werder Bremen UKR Viktor Skripnik
31%
FC Energie Cottbus 1:0 Hertha BSC Hertha BSC IRI Ali Daei
29%
Bayer 04 Leverkusen 0:1 FC Schalke 04 Bayer 04 Leverkusen ARG Diego Placente
29%
Bayer 04 Leverkusen 0:1 FC Schalke 04 FC Schalke 04 CZE Jiří Němec
29%
VfB Stuttgart 2:3 1. FC Nürnberg 1. FC Nürnberg NOR Tommy Svindal Larsen
29%
Borussia Mönchengladbach 4:0 1. FC Köln 1. FC Köln GER Hanno Balitsch
27%
FC St. Pauli 2:1 FC Bayern München FC St. Pauli GER Holger Stanislawski
27%
1. FC Kaiserslautern 2:2 Hamburger SV Hamburger SV GER Ingo Hertzsch
27%
Borussia Mönchengladbach 4:0 1. FC Köln Borussia Mönchengladbach SUI Jörg Stiel
27%
1. FC Kaiserslautern 2:2 Hamburger SV 1. FC Kaiserslautern BRA Lincoln
27%
Borussia Dortmund 2:0 FC Hansa Rostock FC Hansa Rostock GER Mathias Schober
27%
FC Energie Cottbus 1:0 Hertha BSC Hertha BSC GER Stefan Beinlich
27%
FC Energie Cottbus 1:0 Hertha BSC FC Energie Cottbus HUN Vasile Miriuţă
27%
FC Energie Cottbus 1:0 Hertha BSC Hertha BSC GER Christian Fiedler
26%
SC Freiburg 0:0 VfL Wolfsburg VfL Wolfsburg GER Claus Reitmaier
26%
TSV 1860 München 3:1 SV Werder Bremen SV Werder Bremen NED Frank Verlaat
26%
TSV 1860 München 3:1 SV Werder Bremen SV Werder Bremen SRB Mladen Krstajić
26%
1. FC Kaiserslautern 2:2 Hamburger SV Hamburger SV NED Nico Jan Hoogma
26%
FC St. Pauli 2:1 FC Bayern München FC St. Pauli GER Thomas Meggle
26%
FC St. Pauli 2:1 FC Bayern München FC Bayern München GER Thorsten Fink
26%
1. FC Kaiserslautern 2:2 Hamburger SV Hamburger SV ARG Bernardo Romeo
24%
Borussia Dortmund 2:0 FC Hansa Rostock Borussia Dortmund NOR Jan Derek Sørensen
24%
1. FC Kaiserslautern 2:2 Hamburger SV Hamburger SV GER Martin Pieckenhagen
24%
TSV 1860 München 3:1 SV Werder Bremen TSV 1860 München GER Thomas Häßler
24%
Bayer 04 Leverkusen 0:1 FC Schalke 04 FC Schalke 04 POL Tomasz Wałdoch
24%
VfB Stuttgart 2:3 1. FC Nürnberg VfB Stuttgart CRO Zvonimir Soldo
24%
SC Freiburg 0:0 VfL Wolfsburg VfL Wolfsburg ROU Dorinel Munteanu
23%
FC Energie Cottbus 1:0 Hertha BSC Hertha BSC ISL Eyjólfur Sverrisson
23%
1. FC Kaiserslautern 2:2 Hamburger SV 1. FC Kaiserslautern GER Georg Koch
23%
TSV 1860 München 3:1 SV Werder Bremen SV Werder Bremen HUN Krisztián Lisztes
23%
Bayer 04 Leverkusen 0:1 FC Schalke 04 FC Schalke 04 NED Marco van Hoogdalem
23%
Borussia Mönchengladbach 4:0 1. FC Köln 1. FC Köln GER Markus Pröll
23%
1. FC Kaiserslautern 2:2 Hamburger SV Hamburger SV SUI Raphaël Wicky
23%
TSV 1860 München 3:1 SV Werder Bremen TSV 1860 München BUL Daniel Borimirov
21%
Bayer 04 Leverkusen 0:1 FC Schalke 04 FC Schalke 04 NED Niels Oude Kamphuis
21%
1. FC Kaiserslautern 2:2 Hamburger SV Hamburger SV CZE Tomáš Ujfaluši
21%
1. FC Kaiserslautern 2:2 Hamburger SV 1. FC Kaiserslautern CZE Vratislav Lokvenc
21%
FC Energie Cottbus 1:0 Hertha BSC Hertha BSC BEL Bart Goor
20%
FC Energie Cottbus 1:0 Hertha BSC Hertha BSC NED Dick van Burik
20%
Borussia Mönchengladbach 4:0 1. FC Köln Borussia Mönchengladbach SVK Igor Demo
20%
1. FC Kaiserslautern 2:2 Hamburger SV 1. FC Kaiserslautern SWE Jörgen Pettersson
20%
SC Freiburg 0:0 VfL Wolfsburg SC Freiburg GEO Levan Tskitishvili
20%
Borussia Mönchengladbach 4:0 1. FC Köln Borussia Mönchengladbach GHA Lawrence Aidoo
19%
Borussia Dortmund 2:0 FC Hansa Rostock FC Hansa Rostock SWE Magnus Arvidsson
19%
1. FC Kaiserslautern 2:2 Hamburger SV Hamburger SV DEN Stig Tøfting
19%
FC St. Pauli 2:1 FC Bayern München FC St. Pauli BIH Zlatan Bajramović
19%
VfB Stuttgart 2:3 1. FC Nürnberg 1. FC Nürnberg GER Darius Kampa
17%
FC Energie Cottbus 1:0 Hertha BSC FC Energie Cottbus BRA Franklin Bittencourt
17%
TSV 1860 München 3:1 SV Werder Bremen TSV 1860 München AUT Harald Cerny
17%
Borussia Mönchengladbach 4:0 1. FC Köln Borussia Mönchengladbach CZE Ivo Ulich
17%
Borussia Mönchengladbach 4:0 1. FC Köln Borussia Mönchengladbach BRA Marcelo Pletsch
17%
FC Energie Cottbus 1:0 Hertha BSC FC Energie Cottbus BIH Marko Topić
17%
TSV 1860 München 3:1 SV Werder Bremen SV Werder Bremen NAM Razundara Tjikuzu
17%
1. FC Kaiserslautern 2:2 Hamburger SV Hamburger SV LBN Roda Antar
17%
VfB Stuttgart 2:3 1. FC Nürnberg VfB Stuttgart GER Silvio Meißner
17%
1. FC Kaiserslautern 2:2 Hamburger SV 1. FC Kaiserslautern GER Thomas Riedl
17%
Borussia Mönchengladbach 4:0 1. FC Köln 1. FC Köln FRA Lilian Laslandes
16%
FC St. Pauli 2:1 FC Bayern München FC St. Pauli GER Nico Patschinski
16%
FC Energie Cottbus 1:0 Hertha BSC FC Energie Cottbus GER Silvio Schröter
16%
SC Freiburg 0:0 VfL Wolfsburg VfL Wolfsburg AUT Dietmar Kühbauer
14%
Borussia Mönchengladbach 4:0 1. FC Köln Borussia Mönchengladbach GER Max Eberl
14%
Borussia Dortmund 2:0 FC Hansa Rostock FC Hansa Rostock GER Rayk Schröder
14%
Borussia Dortmund 2:0 FC Hansa Rostock FC Hansa Rostock GER René Rydlewicz
14%
1. FC Kaiserslautern 2:2 Hamburger SV 1. FC Kaiserslautern SLO Alexander Knavs
13%
Borussia Mönchengladbach 4:0 1. FC Köln 1. FC Köln GER Alexander Voigt
13%
VfB Stuttgart 2:3 1. FC Nürnberg 1. FC Nürnberg GER Cacau
13%
Borussia Mönchengladbach 4:0 1. FC Köln 1. FC Köln GER Carsten Cullmann
13%
1. FC Kaiserslautern 2:2 Hamburger SV 1. FC Kaiserslautern GRE Dimitrios Grammozis
13%
SC Freiburg 0:0 VfL Wolfsburg SC Freiburg GER Lars Hermel
13%
VfB Stuttgart 2:3 1. FC Nürnberg 1. FC Nürnberg CZE Marek Nikl
13%
1. FC Kaiserslautern 2:2 Hamburger SV Hamburger SV CZE Milan Fukal
13%
Borussia Mönchengladbach 4:0 1. FC Köln Borussia Mönchengladbach DEN Peter Nielsen
13%
FC Energie Cottbus 1:0 Hertha BSC Hertha BSC NED Rob Maas
13%
SC Freiburg 0:0 VfL Wolfsburg SC Freiburg GER Andreas Zeyer
11%
Bayer 04 Leverkusen 0:1 FC Schalke 04 FC Schalke 04 ARG Aníbal Matellán
11%
1. FC Kaiserslautern 2:2 Hamburger SV Hamburger SV GER Bernd Hollerbach
11%
FC Energie Cottbus 1:0 Hertha BSC FC Energie Cottbus GER Christian Beeck
11%
VfB Stuttgart 2:3 1. FC Nürnberg 1. FC Nürnberg POL Jacek Krzynówek
11%
SC Freiburg 0:0 VfL Wolfsburg VfL Wolfsburg GER Maik Franz
11%
Borussia Dortmund 2:0 FC Hansa Rostock FC Hansa Rostock SWE Marcus Lantz
11%
Borussia Dortmund 2:0 FC Hansa Rostock FC Hansa Rostock SWE Peter Wibrån
11%
Borussia Mönchengladbach 4:0 1. FC Köln Borussia Mönchengladbach GER Steffen Korell
11%
VfB Stuttgart 2:3 1. FC Nürnberg 1. FC Nürnberg USA Tony Sanneh
11%
SC Freiburg 0:0 VfL Wolfsburg SC Freiburg FRA Abder Ramdane
10%
SC Freiburg 0:0 VfL Wolfsburg SC Freiburg GER Benjamin Kruse
10%
Borussia Mönchengladbach 4:0 1. FC Köln 1. FC Köln GER Christian Timm
10%
Borussia Mönchengladbach 4:0 1. FC Köln 1. FC Köln GER Jens Keller
10%
Borussia Mönchengladbach 4:0 1. FC Köln Borussia Mönchengladbach GER Markus Münch
10%
SC Freiburg 0:0 VfL Wolfsburg VfL Wolfsburg SVK Miroslav Karhan
10%
SC Freiburg 0:0 VfL Wolfsburg VfL Wolfsburg GER Patrick Weiser
10%
TSV 1860 München 3:1 SV Werder Bremen TSV 1860 München CZE Roman Týce
10%
1. FC Kaiserslautern 2:2 Hamburger SV 1. FC Kaiserslautern GER Thomas Hengen
10%
Borussia Dortmund 2:0 FC Hansa Rostock FC Hansa Rostock GER Timo Lange
10%
SC Freiburg 0:0 VfL Wolfsburg SC Freiburg GER Timo Reus
10%
FC St. Pauli 2:1 FC Bayern München FC St. Pauli USA Cory Gibbs
9%
FC Energie Cottbus 1:0 Hertha BSC FC Energie Cottbus ROU Laurentiu Reghecampf
9%
FC St. Pauli 2:1 FC Bayern München FC St. Pauli GER Marcel Rath
9%
SC Freiburg 0:0 VfL Wolfsburg VfL Wolfsburg CRO Marino Biliškov
9%
Borussia Dortmund 2:0 FC Hansa Rostock FC Hansa Rostock GER Ronald Maul
9%
FC Energie Cottbus 1:0 Hertha BSC FC Energie Cottbus HUN János Mátyus
7%
Borussia Mönchengladbach 4:0 1. FC Köln 1. FC Köln SUI Marc Zellweger
7%
SC Freiburg 0:0 VfL Wolfsburg VfL Wolfsburg BRA Robson Ponte
7%
TSV 1860 München 3:1 SV Werder Bremen TSV 1860 München CZE Tomáš Votava
7%
TSV 1860 München 3:1 SV Werder Bremen TSV 1860 München GER Uwe Ehlers
7%
Borussia Mönchengladbach 4:0 1. FC Köln Borussia Mönchengladbach GER Daniel Felgenhauer
6%
FC St. Pauli 2:1 FC Bayern München FC St. Pauli UKR Dema Kovalenko
6%
SC Freiburg 0:0 VfL Wolfsburg SC Freiburg GER Florian Bruns
6%
Borussia Dortmund 2:0 FC Hansa Rostock FC Hansa Rostock GER Kai Oswald
6%
Borussia Dortmund 2:0 FC Hansa Rostock FC Hansa Rostock GER Markus Beierle
6%
Borussia Mönchengladbach 4:0 1. FC Köln 1. FC Köln GER Markus Kurth
6%
VfB Stuttgart 2:3 1. FC Nürnberg 1. FC Nürnberg SLO Rajko Tavcar
6%
SC Freiburg 0:0 VfL Wolfsburg VfL Wolfsburg DEN Thomas Rytter
6%
VfB Stuttgart 2:3 1. FC Nürnberg VfB Stuttgart GER Timo Wenzel
6%
Borussia Dortmund 2:0 FC Hansa Rostock FC Hansa Rostock GER Dietmar Hirsch
4%
VfB Stuttgart 2:3 1. FC Nürnberg VfB Stuttgart GER Jochen Seitz
4%
Borussia Mönchengladbach 4:0 1. FC Köln 1. FC Köln GER Jörg Reeb
4%
FC St. Pauli 2:1 FC Bayern München FC St. Pauli NOR Morten Berre
4%
FC St. Pauli 2:1 FC Bayern München FC St. Pauli GER Simon Henzler
4%
VfB Stuttgart 2:3 1. FC Nürnberg 1. FC Nürnberg GER Stephan Paßlack
4%
VfB Stuttgart 2:3 1. FC Nürnberg 1. FC Nürnberg POL Tomasz Kos
4%
TSV 1860 München 3:1 SV Werder Bremen TSV 1860 München CRO Filip Tapalović
3%
FC St. Pauli 2:1 FC Bayern München FC St. Pauli GER Jochen Kientz
3%
FC Energie Cottbus 1:0 Hertha BSC Hertha BSC GER René Tretschok
3%
FC Energie Cottbus 1:0 Hertha BSC FC Energie Cottbus POL Witold Wawrzyczek
3%
Keine übereinstimmenden Quizze gefunden
Verteilung der Resultate
Anzahl Personen mit jedem Resultat
Perzentil nach korrekt beantworteten Fragen
Ihre Resultats-Entwicklung
Sie haben dieses Quiz noch nicht gespielt